The Current State of Sustainability of Luxury Hotels in Hungary and Ideas for Future Improvement

Bibliográfiai részletek
Szerző: Bondor Bíborka
További közreműködők: Weninger Ágnes Rita
Dokumentumtípus: Diplomadolgozat
Kulcsszavak:CSR
luxury hospitality
sustainable development
sustainable luxury
TBL
Online Access:http://dolgozattar.uni-bge.hu/59490

MARC

LEADER 00000nta a2200000 i 4500
001 dolg59490
005 20260409145132.0
008 260409suuuu hu om 000 eng d
040 |a BGE Dolgozattár Repozitórium  |b hun 
041 |a en 
100 1 |a Bondor Bíborka 
245 1 4 |a The Current State of Sustainability of Luxury Hotels in Hungary and Ideas for Future Improvement  |c Bondor Bíborka  |h [elektronikus dokumentum] 
520 3 |a This thesis explores the current state of sustainability of luxury hotels from the perspective of the Hungarian market. With data collection and literature review, key practices, challenges, and motivations are identified behind the sustainable initiatives. Previous research primarily focus on the global market, thus has been unable to identify the nuances of the Hungarian hotel sector. Through in-depth interviews with managerial personnel of Hungarian luxury properties, findings could reveal a progress in both environmental and CSR related initiatives but highlight significant gaps as well. Based on the learned facts, the study offers recommendations to improve future sustainable efforts across the Hungarian luxury hotel industry. 
695 |a CSR 
695 |a luxury hospitality 
695 |a sustainable development 
695 |a sustainable luxury 
695 |a TBL 
700 1 |a Weninger Ágnes Rita  |e ths 
856 4 0 |u http://dolgozattar.uni-bge.hu/59490/1/The%20Current%20State%20of%20Sustainability%20of%20Luxury%20Hotels%20in%20Hungary%20and%20Ideas%20for%20Future%20Improvement%20-%20Bondor%20Bi%CC%81borka.pdf  |z Dokumentum-elérés 
856 4 0 |u http://dolgozattar.uni-bge.hu/59490/2/Bondor_Biborka_opponent_Kovacs_Edina.pdf  |z Dokumentum-elérés 
856 4 0 |u http://dolgozattar.uni-bge.hu/59490/3/Bondor%20B%C3%ADborka_Supervisor_Weninger%20%C3%81gnes.pdf  |z Dokumentum-elérés